Tecnologías del yo : y otros textos afines /

Guardado en:
Autor Principal: Foucault, Michel
Formato: Libro
Publicado: Barcelona : Paidós, 2000
Series:Pensamiento Contemporáneo / Manuel Cruz
Materias:
Etiquetas: Agregar Etiqueta
Sin Etiquetas, Sea el primero en etiquetar este registro!
LEADER 00792nam a22002295a 4500
001 CEM.cems013853
008 130507s2000##################000#0#####d
005 20210705085645.0
003 CEMS
245 1 0 |a Tecnologías del yo :  |b y otros textos afines /  |c Michel Foucault 
260 |a Barcelona :  |b Paidós,  |c 2000 
300 |a 141 p. 
490 0 |a Pensamiento Contemporáneo / Manuel Cruz 
500 |a Títulos originales: Technologies of the Self y Truth, Power, Self: An Interview with Michel Foucault traducción de Mercedes Allende Salazar. 
590 |a 1029.013 
020 |a 8475095585 
100 1 |a Foucault, Michel 
653 |a Biblioteca TC 
653 |a Filosofía 
653 |a Tecnología del yo 
653 |a Individuo y poder 
859 |a CEMS  |b BIB. CEMS - 11 de abril  |h TC  |p 1029.013  |t Ej.1